Incentivizing lower materialism among egyptian youths : (Record no. 179583)

MARC details
000 -LEADER
fixed length control field 05418namaa22004331i 4500
003 - CONTROL NUMBER IDENTIFIER
control field EG-GICUC
005 - أخر تعامل مع التسجيلة
control field 20260419153848.0
008 - FIXED-LENGTH DATA ELEMENTS--GENERAL INFORMATION
fixed length control field 260419s2025 ua a|||frm||| 000 0 eng d
040 ## - CATALOGING SOURCE
Original cataloguing agency EG-GICUC
Language of cataloging eng
Transcribing agency EG-GICUC
Modifying agency EG-GICUC
Description conventions rda
041 0# - LANGUAGE CODE
Language code of text/sound track or separate title eng
Language code of summary or abstract eng
-- ara
049 ## - Acquisition Source
Acquisition Source Deposit
082 04 - DEWEY DECIMAL CLASSIFICATION NUMBER
Classification number 330.94109048
092 ## - LOCALLY ASSIGNED DEWEY CALL NUMBER (OCLC)
Classification number 330.94109048
Edition number 21
097 ## - Degree
Degree Ph.D
099 ## - LOCAL FREE-TEXT CALL NUMBER (OCLC)
Local Call Number Cai01.03.02.Ph.D.2025.Si.I
100 0# - MAIN ENTRY--PERSONAL NAME
Authority record control number or standard number Sidrah Nasr Hafez Khalil,
Preparation preparation.
245 10 - TITLE STATEMENT
Title Incentivizing lower materialism among egyptian youths :
Remainder of title an experimental approach /
Statement of responsibility, etc. by Sidrah Nasr Hafez Khalil ; Supervision Dr. Sarah Adel Mansour, Dr. Marwa Mohamed Shibl Biltagy.
246 15 - VARYING FORM OF TITLE
Title proper/short title تحفيز مستوى مادية أقل عند الشباب المصري :
Remainder of title منهج تجريبي
264 #0 - PRODUCTION, PUBLICATION, DISTRIBUTION, MANUFACTURE, AND COPYRIGHT NOTICE
Date of production, publication, distribution, manufacture, or copyright notice 2025.
300 ## - PHYSICAL DESCRIPTION
Extent 144 pages :
Other physical details illustrations ;
Dimensions 25 cm. +
Accompanying material CD.
336 ## - CONTENT TYPE
Content type term text
Source rda content
337 ## - MEDIA TYPE
Media type term Unmediated
Source rdamedia
338 ## - CARRIER TYPE
Carrier type term volume
Source rdacarrier
502 ## - DISSERTATION NOTE
Dissertation note Thesis (Ph.D)-Cairo University, 2025.
504 ## - BIBLIOGRAPHY, ETC. NOTE
Bibliography, etc. note Bibliography: pages 103-125.
520 #3 - SUMMARY, ETC.
Summary, etc. Materialism has been widely discussed in the economic literature and debated on having positive and negative effects. It may increase consumer desire but negatively affects wellbeing and cause social, psychological, political and environmental consequences. This study examines materialism in Egypt through two phases. The first analyzes national materialism using World Values Survey data for Egypt (2001–2018, N = 8,143) with an ordered logit model. The second applies a survey experiment with youth (N = 296) to test behavioral interventions designed to reduce personal materialism. Results show that education lowers materialism among youth (p<.01), while age increases it (p<.05). Being single or divorced also reduces materialism (p<.05). Experimental findings indicate that boosting self-confidence (p<.05), fostering gratitude (p<.01), and encouraging pro-social behavior (p<.01) significantly reduce materialistic orientations. Methodologically, the study integrates large-scale survey analysis with randomized interventions, ensuring robust insights at both national and personal levels. Based on the evidence, the study recommends promoting civic engagement, gratitude, and self-confidence as policy tools to mitigate materialism among Egyptian youth.
520 #3 - SUMMARY, ETC.
Summary, etc. لقد نوقش المذهب المادي على نطاق واسع في الأدبيات الاقتصادية، وتباينت الآراء حول آثاره الإيجابية والسلبية. فقد يؤدي إلى زيادة الرغبة الاستهلاكية، لكنه يؤثر سلبًا على الرفاهية ويترتب عليه عواقب اجتماعية ونفسية وسياسية وبيئية. تهدف هذه الدراسة إلى تحليل المادية في مصر من خلال مرحلتين. تتناول المرحلة الأولى تحليل المادية على المستوى الوطني باستخدام بيانات مسح القيم العالمية في مصر (عدد المشاركين = 8,143) من خلال نموذج لوﭼيت الترتيبي. أما المرحلة الثانية، فتُجرى من خلال تجربة مسحية تستهدف الشباب (عدد المشاركين = 296) لاختبار تدخلات سلوكية مصممة لتقليل النزعة المادية الشخصية. وتُظهر النتائج أن التعليم يُخفّض من مستوى المادية لدى الشباب (قيمة الاحتمال < 0.01)، في حين أن التقدم في العمر يزيد منها (قيمة الاحتمال < 0.05). كما أن كون الفرد أعزبًا أو مطلقًا يسهم أيضًا في تقليل المادية (قيمة الاحتمال < 0.05). وتُشير النتائج التجريبية إلى أن تعزيز الثقة بالنفس (قيمة الاحتمال < 0.05)، وتنمية مشاعر الامتنان (قيمة الاحتمال < 0.01)، وتشجيع السلوك الاجتماعي الإيجابي (قيمة الاحتمال < 0.01) تؤدي جميعها إلى تقليل النزعات المادية بشكل ملحوظ. ومن الناحية المنهجية، تدمج الدراسة بين تحليل بيانات مسحية واسعة النطاق وتدخلات عشوائية، ما يضمن استخلاص رؤى قوية على المستويين الوطني والفردي. وبناءً على الأدلة، توصي الدراسة بتعزيز المشاركة المجتمعية، ومشاعر الامتنان، والثقة بالنفس كأدوات سياساتية للحد من النزعة المادية بين الشباب المصري.
530 ## - ADDITIONAL PHYSICAL FORM AVAILABLE NOTE
Issues CD Issues also as CD.
546 ## - LANGUAGE NOTE
Text Language Text in English and abstract in Arabic & English.
650 #0 - SUBJECT ADDED ENTRY--TOPICAL TERM
Topical term or geographic name entry element economic experiment
650 #0 - SUBJECT ADDED ENTRY--TOPICAL TERM
Topical term or geographic name entry element التجربة الاقتصادية
653 #1 - INDEX TERM--UNCONTROLLED
Uncontrolled term Egypt
-- materialism
-- youth
-- economic experiment
-- behavioral interventions
-- مصر
-- المادية
700 0# - ADDED ENTRY--PERSONAL NAME
Personal name Sarah Adel Mansour
Relator term thesis advisor.
700 0# - ADDED ENTRY--PERSONAL NAME
Personal name Marwa Mohamed Shibl Biltagy
Relator term thesis advisor.
900 ## - Thesis Information
Grant date 01-01-2025
Supervisory body Sarah Adel Mansour
-- Marwa Mohamed Shibl Biltagy
Universities Cairo University
Faculties Faculty of Economics and Political Science
Department Department of Economics
905 ## - Cataloger and Reviser Names
Cataloger Name Shimaa
942 ## - ADDED ENTRY ELEMENTS (KOHA)
Source of classification or shelving scheme Dewey Decimal Classification
Koha item type Thesis
Edition 21
Suppress in OPAC No
Holdings
Source of classification or shelving scheme Home library Current library Date acquired Inventory number Full call number Barcode Date last seen Effective from Koha item type
Dewey Decimal Classification المكتبة المركزبة الجديدة - جامعة القاهرة قاعة الرسائل الجامعية - الدور الاول 19.04.2026 93819 Cai01.03.02.Ph.D.2025.Si.I 01010110093819000 19.04.2026 19.04.2026 Thesis
Cairo University Libraries Portal Implemented & Customized by: Eng. M. Mohamady Contacts: new-lib@cl.cu.edu.eg | cnul@cl.cu.edu.eg
CUCL logo CNUL logo
© All rights reserved — Cairo University Libraries
CUCL logo
Implemented & Customized by: Eng. M. Mohamady Contact: new-lib@cl.cu.edu.eg © All rights reserved — New Central Library
CNUL logo
Implemented & Customized by: Eng. M. Mohamady Contact: cnul@cl.cu.edu.eg © All rights reserved — Cairo National University Library